Nonlinear variational problems /

Guardado en:
Autor Corporativo: International Conference on Nonlinear Variational Problems
Otros Autores: Marino, A. (Editor )
Formato: Libro
Idioma:English
Publicado: Boston : Pitman Advanced Publishing Program, 1985-1989.
Series:Research notes in mathematics ; 127.
Pitman research notes in mathematics series ; 193.
Materias:
Etiquetas: Agregar Etiqueta
Sin Etiquetas, Sea el primero en etiquetar este registro!
LEADER 01472cam a2200325 a 4500
001 MAT.inmabb004557
008 841214m19851989maua#####b####100#0#eng##
005 20170508122516.0
245 0 0 |a Nonlinear variational problems /  |c A. Marino ... [et al.] (editors). 
260 |a Boston :  |b Pitman Advanced Publishing Program,  |c 1985-1989. 
300 |a 2 v :  |b il. ;  |c 25 cm. 
490 1 |a v. 1: Research notes in mathematics,  |x 0743-0337 ;  |v 127 
490 1 |a v. 2: Pitman research notes in mathematics series ;  |v 193 
500 |a Vol. 2 editado por Antonio Marino y M. K. Venkatesha Murthy. 
500 |a Vol. 1: trabajos presentados en el International Workshop realizado en Elba, Italia, en 1983. 
500 |a Vol. 2: trabajos de la International Conference on Nonlinear Variational Problems, realizada en Elba, Italia, en 1986. 
504 |a Incluye referencias bibliográficas. 
510 4 |a MR,  |c 86e:49005 
500 |a La biblioteca posee el vol. 1.  |5 AR-BbIMB 
020 |a 0273086707 (v. 1 : pbk.) 
700 1 |a Marino, A.  |4 edt 
711 2 |a International Conference on Nonlinear Variational Problems  |d (1986 :  |c Elba, Italia) 
830 0 |a Research notes in mathematics ;  |v 127. 
830 0 |a Pitman research notes in mathematics series ;  |v 193. 
650 0 |a Differential equations, Partial. 
650 0 |a Variational inequalities (Mathematics) 
084 |a 49-06  |2 MR 
010 |a  84028978  
040 |a DLC  |c DLC  |d DLC 
859 |h 49  |i N813  |p A-6143  |b BIB. MATEMATICA